Teste rápido de matemática - Teste curto de matemática - Quiz 6 - Statistics

Estatísticas Gerais
  • Esse quiz foi jogado 122 vezes
  • A pontuação média é 30 de 30
Estatísticas das Respostas
Hint Resposta % Correto
1 x 1 = 1
100%
10 x 1 = 10
100%
5 x 2 = 10
100%
6 x 2 = 12
100%
4 x 3 = 12
100%
2 x 1 = 2
100%
1 x 2 = 2
100%
3 x 1 = 3
100%
1 x 3 = 3
100%
4 x 1 = 4
100%
2 x 2 = 4
100%
5 x 1 = 5
100%
6 x 1 = 6
100%
3 x 2 = 6
100%
2 x 3 = 6
100%
7 x 1 = 7
100%
8 x 1 = 8
100%
4 x 2 = 8
100%
9 x 1 = 9
100%
3 x 3 = 9
100%
7 x 2 = 14
99%
8 x 2 = 16
99%
9 x 2 = 18
99%
6 X 3 = 18
99%
10 x 2 = 20
99%
5 x 3 = 15
98%
7 X 3 = 21
98%
8 X 3 = 24
98%
10 X 3 = 30
98%
9 X 3 = 27
97%
Nenhum quiz correspondente encontrado
Distribuição das Pontuações
Porcentagem de Pessoas com Cada Pontuação
Percentil de Números Respondidos
Sua Pontuação Histórica
Você não jogou esse quiz